000 01194nac a22003497a 4500
001 BR8001252
003 BR-BrBNA
005 20240105114626.0
008 230509b bl.|||m| |||| 00| 0 por d
040 _aBR-BrBNA
_bpor
_cBiblioteca Nacional de Agricultura
072 _aM10
090 _a8150 BR8001252
100 1 _aRusso, S.R.
110 1 _aPrograma de Pesquisa e Desenvolvimento Pesqueiro do Brasil, Brasilia, DF
_97975
245 1 _aEsforco e captura da pesca de arrasto no litoral brasileiro 1973/1975
_bSistema mapas de bordo
246 1 _a[Efforts and capture of trailing fishery in Brazilian coast 1973/1975]
_b[System of ship maps]
260 3 _aBrasilia, DF (Brasil):
_c1977.
300 _a61 p.
490 _aDados Basicos da Pesca - Programa de Pesquisa e Desenvolvimento Pesqueiro do Brasil (Brazil)
_vno. 3
_x
500 _aNumerical data
650 _aProducao pesqueira
650 _aPeixe marinho
650 _aPesca
650 _aPara
650 _aRio de Janeiro
650 _aSAO Paulo
650 _aSanta Catarina
650 _aRio Grande do Sul
650 _aLitoral
909 _a202312
_bLúcia Elande
_c55
_dLúcia Elande
942 _2AGRIS
_n0
_cMS
999 _c270404
_d270404